000 00669nam a22001817a 4500
008 230428b |||||||| |||| 00| 0 eng d
020 _a9783003275
040 _aNLN
_bEnglish
_eAACR2
050 _aDT515.83.A265
_bM235
082 _a922
245 _aThe MAKING of a man, the journey so far :
_bDeacon Vincent Agenmonmen JP, the odalo of Uromi /
_cedited by David O. Umobuarie
260 _aBenin City (7, Erie Street, off Sakpnda Road, P. O. Box 4351) :
_bKing David,
_c2005
300 _axii, 265p. ;
_b21cm.
650 _a Agenmonmen, Vincent, 1945-
_921799
650 _aClergy
_vNigeria
_xBiography
_98857
700 _aUmobuarie, David O.
_eedt
_921800
942 _cBK
999 _c11024
_d11024